000
00183 a2200085 4500
020
_a
9780799328127
082
_a
AF VAND
100
_a
Van Der Merwe, Marie
245
_a
Alda van droomberg
999
_c
732660
_d
732659
942
_y
440
_z
Cathrine Sibiya